000 00365nam a2200181Ia 4500
001 1350
003 GE_BSU
008 181216s||||||||xx |||||||||||||| ||und||
040 _cGE_BSU
080 _a37.01(09)
100 _aLeech,Geoffrerey
245 _aSemantics.
260 _bpenguin books.
260 _c1974
300 _a386
541 _h8 L.
942 _cBK
999 _c35490
_d35490